000 00770nam a2200205Ii 4500
003 JO-AjNU
008 230605s9999||||xx |||||||||||||| ||und||
017 _a2006/10/2743
040 _aJO-AjNU
_bara
_erda
_cJO-AjNU
041 _aara
050 1 4 _aBP465.M87.2007
100 3 _a مصطفى ، محمد شريف ,
_eauthor
_940446
245 0 0 _aالاختلاف الفقهي معناة ، نشأتة ، أنواعة ، أسبابة ، ضوابطة
250 _aط1
264 3 1 _aعمان : المكتب الاسلامي ، 2007
300 _a100ص
_bيشتمل على قائمة المصادر والمراجع الببلوغرافية ص (88 - 97 )
336 _atext
_btxt
_2rdacontent
337 _aunmediated
_bn
_2rdamedia
338 _avolume
_bnc
_2rdacarrier
999 _aA17165
_c20733
_d20733